00331nam a22000857a 4500008004100000082001700041245013200058260004500190300001000235230612b xxu||||| |||| 00| 0 eng d a354.676bGOK a2012/2013 Estimates of Recurrent Expenditure of the Government of Kenya for the Year Ending 30th June 2013cGovernment of Kenya aNairobibGovernment of KenyacApril 2012 a578 p